| Tag |
First Indicator |
Second Indicator |
Subfields |
| LEADER |
00000cam a2200000 4500 |
| 001 |
in00000064667 |
| 005 |
20151007083404.0 |
| 008 |
751011s1943 nyua 00010 eng |
| 010 |
|
|
|a 43008019
|
| 035 |
|
|
|a (OCoLC)01693748
|
| 035 |
|
|
|9 AAF9294AM
|
| 040 |
|
|
|a DLC
|c CSU
|d TXA
|d UtOrBLW
|
| 049 |
|
|
|a TXAM
|c [116245]
|
| 050 |
|
0 |
|a E185.8
|b .S8
|
| 082 |
0 |
|
|a 325.260973
|
| 090 |
|
|
|a E185.8
|b .S8 1943
|
| 092 |
|
|
|a 325.26
|b S839n
|
| 100 |
1 |
|
|a Sterner, Richard,
|d 1901-1978.
|
| 245 |
1 |
4 |
|a The Negro's share ;
|b a study of income, consumption, housing, and public assistance /
|c [by] Richard Sterner in collaboration with Lenore A. Epstein, Ellen Winston, and others.
|
| 264 |
|
1 |
|a New York,
|a London :
|b Harper & Brothers,
|c [1943]
|
| 300 |
|
|
|a xii, 433 pages :
|b including tables. ;
|c 24 cm.
|
| 336 |
|
|
|a text
|b txt
|2 rdacontent
|
| 337 |
|
|
|a unmediated
|b n
|2 rdamedia
|
| 338 |
|
|
|a volume
|b nc
|2 rdacarrier
|
| 650 |
|
0 |
|a African Americans
|x Economic conditions.
|
| 650 |
|
0 |
|a African Americans
|x Social conditions.
|
| 700 |
1 |
|
|a Epstein, Lenore A.
|q (Lenore Alice)
|
| 700 |
1 |
|
|a Winston, Ellen,
|d 1903-1984.
|
| 999 |
|
|
|a MARS
|
| 999 |
f |
f |
|s 87c592b3-32ab-3429-9d93-2d3b5464c879
|i 53d90df1-117e-32c0-9fa5-c22cbdab5e42
|t 0
|
| 952 |
f |
f |
|p ric
|a Texas A&M University
|b Rellis Campus
|c Joint Library Facility
|d Remote Storage
|t 0
|e E185.8 .S8 1943
|h Library of Congress classification
|i unmediated -- volume
|m A14800670658
|
| 998 |
f |
f |
|a E185.8 .S8 1943
|t 0
|l Remote Storage
|